Phòng bệnh và cấp cứu trên sông biển
Guardado en:
| Autor principal: | |
|---|---|
| Formato: | Libro |
| Lenguaje: | Undetermined |
| Publicado: |
Hà Nội
Y Học
2000
|
| Materias: | |
| Etiquetas: |
Agregar Etiqueta
Sin Etiquetas, Sea el primero en etiquetar este registro!
|
| Thư viện lưu trữ: | Trung tâm Học liệu Trường Đại học Cần Thơ |
|---|
| LEADER | 00516nam a2200169Ia 4500 | ||
|---|---|---|---|
| 001 | CTU_45537 | ||
| 008 | 210402s9999 xx 000 0 und d | ||
| 082 | |a 616.025 | ||
| 082 | |b Ph120 | ||
| 100 | |a PHẠM NGUYÊN PHẨM | ||
| 245 | 0 | |a Phòng bệnh và cấp cứu trên sông biển | |
| 245 | 0 | |c PHẠM NGUYÊN PHẨM, Đinh Thị Thu | |
| 260 | |a Hà Nội | ||
| 260 | |b Y Học | ||
| 260 | |c 2000 | ||
| 650 | |a medical emergencies | ||
| 980 | |a Trung tâm Học liệu Trường Đại học Cần Thơ | ||